Welcome to the Holygrace Academy Library

Please use search bar below to get started

SHIKARI SHAMBU'S ESCAPADES (Record no. 5169)

MARC details
000 -LEADER
fixed length control field 00353nam a22001457a 4500
020 ## - INTERNATIONAL STANDARD BOOK NUMBER
ISBN 81-8482-3869-X
082 ## - DEWEY DECIMAL CLASSIFICATION NUMBER
Classification number 823
Item number FER/S
100 ## - MAIN ENTRY--AUTHOR NAME
Personal name FERNANDES LUIS
245 ## - TITLE STATEMENT
Title SHIKARI SHAMBU'S ESCAPADES
260 ## - PUBLICATION, DISTRIBUTION, ETC. (IMPRINT)
Place of publication MUMBAI
Name of publisher AMAR CHITHRA KATHA
300 ## - PHYSICAL DESCRIPTION
Number of Pages 72
520 ## - SUMMARY, ETC.
Summary, etc ENGLISH SHORT STORIES
650 ## - SUBJECT ADDED ENTRY--TOPICAL TERM
Topical Term SHIKARI SHAMBU ESCAPADES
Geographic subdivision MUMBAI
942 ## - ADDED ENTRY ELEMENTS (KOHA)
Koha item type Books
Holdings
Withdrawn status Lost status Collection code Home library Current library Shelving location Date acquired Source of acquisition Full call number Accession Number Koha item type
    Fiction Main Library Main Library SHELF 3- I- ENGLISH CHILDRENS LITERATURE &MYTHOLOGY 15/08/2014 PURCHASE 823 FER/S 09387 Books